|
|
|
|
| LEADER |
01913nam a2200517 ia4500 |
| 001 |
nkc20162835653 |
| 003 |
CZ PrNK |
| 005 |
20240312145632.0 |
| 007 |
ta |
| 008 |
160929s2016 xr a c p 000 0 cze |
| 015 |
|
|
|a cnb002835653
|
| 020 |
|
|
|a 978-80-7320-225-5
|q (pracovní sešit ;
|q brožováno)
|
| 035 |
|
|
|a (OCoLC)962341063
|
| 040 |
|
|
|a BOA001
|b cze
|d ABA001
|e rda
|
| 072 |
|
7 |
|a 93/94
|x Dějiny (obecně)
|2 Konspekt
|9 8
|
| 072 |
|
7 |
|a 37.016
|x Učební osnovy. Vyučovací předměty. Učebnice
|2 Konspekt
|9 22
|
| 080 |
|
|
|a 93/94
|2 MRF
|
| 080 |
|
|
|a 94"04/14"
|2 MRF
|
| 080 |
|
|
|a 27(091)
|2 MRF
|
| 080 |
|
|
|a (075.2)
|2 MRF
|
| 080 |
|
|
|a (076.1)
|2 MRF
|
| 100 |
1 |
|
|a Toušková, Jana,
|d 1950-
|7 mzk2004257428
|4 aut
|
| 245 |
1 |
0 |
|a Dějepis pro 2. stupeň základní školy praktické.
|n 2. díl,
|p Středověk a křesťanství /
|c autorka Jana Toušková
|
| 246 |
3 |
0 |
|a Středověk a křesťanství
|
| 250 |
|
|
|a 2. vydání
|
| 264 |
|
1 |
|a Praha :
|b Parta,
|c 2016
|
| 300 |
|
|
|a 1 svazek :
|b ilustrace ;
|c 30 cm
|
| 336 |
|
|
|a text
|b txt
|2 rdacontent
|
| 337 |
|
|
|a bez média
|b n
|2 rdamedia
|
| 338 |
|
|
|a svazek
|b nc
|2 rdacarrier
|
| 505 |
0 |
|
|a pracovní sešit. 2016. 43 stran
|
| 650 |
0 |
7 |
|a dějepis
|7 ph117186
|2 czenas
|
| 650 |
0 |
7 |
|a středověk
|7 ph126223
|x dějiny
|2 czenas
|
| 650 |
0 |
7 |
|a dějiny křesťanství
|7 ph492508
|2 czenas
|
| 650 |
0 |
9 |
|a history (school subject)
|2 eczenas
|
| 650 |
0 |
9 |
|a middle ages
|x history
|2 eczenas
|
| 650 |
0 |
9 |
|a history of Christianity
|2 eczenas
|
| 655 |
|
7 |
|a učebnice základních škol
|7 fd133773
|2 czenas
|
| 655 |
|
7 |
|a pracovní sešity
|7 fd133116
|2 czenas
|
| 655 |
|
9 |
|a textbooks (elementary)
|2 eczenas
|
| 655 |
|
9 |
|a activity books
|2 eczenas
|
| 910 |
2 |
|
|a BOA001
|b 4-1373.854
|s pracovní sešit-
|
| 990 |
|
|
|a BK
|
| 995 |
|
|
|a 01
|
| 991 |
|
|
|b 201610
|c NOV
|
| 996 |
6 |
|
|b 2610683501
|c 4-1373.854
|d 2, pracovní sešit
|v 2
|l MZK
|r Sklad / do 1 hodiny
|n 0
|p p.v.
|w 001580625
|u 000010
|a 1
|e BOA001
|j MZK50
|s P
|